Hitman: World of Assassination - Locations - Statistics

General Stats
  • This quiz has been taken 228 times
  • The average score is 20 of 25
Answer Stats
Game Location % Correct
Hitman Paris, France
98%
Hitman Sapienza, Italy
94%
Hitman Hokkaido, Japan
93%
Hitman Colorado, USA
92%
Hitman 3 Berlin, Germany
91%
Hitman Bangkok, Thailand
90%
Hitman 3 Dubai, United Arab Emirates
89%
Hitman 2 Hawke's Bay, New Zealand
89%
Hitman Marrakesh, Morocco
89%
Hitman 2 Miami, USA
89%
Hitman 3 Chongqing, China
87%
Hitman 3 Dartmoor, England
87%
Hitman 2 New York, USA
87%
Hitman 2 Mumbai, India
86%
Hitman 3 Mendoza, Argentina
85%
Hitman 3 Carpathian Mountains, Romania
84%
Hitman 2 Haven Island, Maldives
84%
Hitman 2 Santa Fortuna, Colombia
84%
Hitman ICA Facility, Classified, Greenland
75%
Hitman 2: Sniper Assassin Siberia, Russia
71%
Hitman 2 Whittleton Creek, USA
71%
Hitman 2 Isle of Sgail, Arctic Sea
70%
Hitman 3 Ambrose Island, Andaman Sea
56%
Hitman 2: Sniper Assassin Himmelstein, Austria
54%
Hitman 2: Sniper Assassin Hantu Port, Singapore
48%
No matching quizzes found
Score Distribution
Percent of People with Each Score
Percentile by Number Answered
Your Score History
You have not taken this quiz